000
00306nam a22001337a 4500
008
181029b xxu||||| |||| 00| 0 eng d
020
_a
307152
041
_a
eng
080
_a
101
100
_a
24
101
_a
FIL
245
_a
Philosophical Themes in Modern Education
_c
Brumbagh, R.S
942
_2
udc
_c
BK
999
_c
50989
_d
50989